1588 1160 1217 1651 1592 1193 1917 1737 1569 1978 1934 1063 1234 1642 1762 1815 1648 1749 1819 1827 1944 1096 1551 1181 1428 1870 1809 1108 1375 1013 1322 1487 1804 1835 1635 1033 1681 1439 1964 1351 1779 1754 1154 1629 1612 1667 1471 1905 1389 1897 1400 1603 1059 1312 1662 1415 1885 1027 1031 1569 1299 1579 1389 1043 1222 1804 1870 1703 1448 1954 1679 1551 1538 1602 1234 1213 1406 1302 1275 1574 1286 1120 1785 1086 1838 1343 1408 1078 1472 1516 1851 1239 1521 1052 1888 1294 1004 1330 1236 BCNSPRNW ULIB Ver.6.0+V

เปลี่ยนเป็นภาษาไทย

Change to English
 แสดงรายละเอียดบรรณานุกรม
  กลับหน้าหลัก

Brief Record : Get Marc (ISO 2709) : E-mail record : QR code < ปิดหน้าต่าง
LEADER : 00000nam 2200000uu 4500
001    13399109118
003     ULIB
008    110322s2553||||th 000 0 tha d
020    9789744141637
041 1  tha^heng
050  4 HD66^bค759ค 2553
100 1  ดมมิ่ง,วศุท เค
245 10 เกมและกิจกรรมพัฒนาบุคลกร /^cVasudha K. Deming, ผู้แปล ; ณัฐวรรธน์กิจรัตนโกศล, แปลและเรียบเรียง
250    พิมพ์ครั้งที่ 1
260    กรุงเทพฯ :^bเครือเอ็กซเปอร์เน็ท,^c2553
300    198 หน้า ;^c21 ซม.
650  7 กลุ่มทำงาน
650  7 การบริหารงานบุคคล
700 0  ณัฐวรรธน์ กิจรัตนโกศล,^eผู้แปล
945    ^p175^l0^i029912
945    ^p175^l0^i029911
995    เกษร
999 ^a ใช้งานได้ทุกระบบ
รายการนี้ยังไม่มีแท็ก
คุณยังไม่ได้ล็อกอิน คุณสามารถมีกิจกรรมร่วมกับเว็บไซต์ได้ แต่ต้องล็อกอินก่อน ::
  ล็อกอิน

รายการสื่อสารสนเทศ

ลำดับที่ ประเภท เลขเรียก/บาร์โค้ด สถานที่ สถานะ
1. การศึกษาทั่วไป
การศึกษาทั่วไป
HD66 ค759ค 2553 ฉ.2 
  Barcode: 029912
ห้องสมุดวิทยาเขตนครสวรรค์
►หนังสือทั่วไป:l:General Books
บนชั้น

รายการใกล้เคียง
    ผู้แต่ง [ดมมิ่ง,วศุท เค]

    หัวเรื่อง [กลุ่มทำงาน]
    หัวเรื่อง [การบริหารงานบุคคล]

BibComment


ยังไม่เคยถูกคอมเมนท์

คอมเมนท์ทรัพยากรรายการนี้
  คอมเมนท์: เกมและกิจกรรมพัฒน..


 Copyright 2026. Bcnsprnw @Library